Radionavigation systems / (Record no. 60643)
[ view plain ]
| 000 -LEADER | |
|---|---|
| fixed length control field | 01584cam a22003497a 4500 |
| 001 - CONTROL NUMBER | |
| control field | 15259001 |
| 003 - CONTROL NUMBER IDENTIFIER | |
| control field | NUST-PNEC |
| 005 - DATE AND TIME OF LATEST TRANSACTION | |
| control field | 20170116180703.0 |
| 008 - FIXED-LENGTH DATA ELEMENTS--GENERAL INFORMATION | |
| fixed length control field | 080412s2008 maua b 001 0 eng |
| 010 ## - LIBRARY OF CONGRESS CONTROL NUMBER | |
| LC control number | 2008297860 |
| 015 ## - NATIONAL BIBLIOGRAPHY NUMBER | |
| National bibliography number | GBA849792 |
| Source | bnb |
| 016 7# - NATIONAL BIBLIOGRAPHIC AGENCY CONTROL NUMBER | |
| Record control number | 014564652 |
| Source | Uk |
| 020 ## - INTERNATIONAL STANDARD BOOK NUMBER | |
| International Standard Book Number | 9781596933545 (hbk.) |
| 020 ## - INTERNATIONAL STANDARD BOOK NUMBER | |
| International Standard Book Number | 1596933542 |
| 035 ## - SYSTEM CONTROL NUMBER | |
| System control number | (OCoLC)ocn183262005 |
| 040 ## - CATALOGING SOURCE | |
| Original cataloging agency | UKM |
| Transcribing agency | PNEC |
| 042 ## - AUTHENTICATION CODE | |
| Authentication code | ukblsr |
| -- | lccopycat |
| 050 00 - LIBRARY OF CONGRESS CALL NUMBER | |
| Classification number | VK397 |
| Item number | .F675 2008 |
| 082 04 - DEWEY DECIMAL CLASSIFICATION NUMBER | |
| Classification number | 623.8932 FOR |
| 100 1# - MAIN ENTRY--PERSONAL NAME | |
| Personal name | Forssell, Börje, |
| Dates associated with a name | 1939- |
| 245 10 - TITLE STATEMENT | |
| Title | Radionavigation systems / |
| Statement of responsibility, etc. | Börje Forssell. |
| 260 ## - PUBLICATION, DISTRIBUTION, ETC. | |
| Place of publication, distribution, etc. | Boston : |
| Name of publisher, distributor, etc. | Artech House, |
| Date of publication, distribution, etc. | c2008. |
| 300 ## - PHYSICAL DESCRIPTION | |
| Extent | xvi, 392 p. : |
| Other physical details | ill. ; |
| Dimensions | 24 cm. |
| 440 #0 - SERIES STATEMENT/ADDED ENTRY--TITLE | |
| Title | GNSS technology and applications series |
| 500 ## - GENERAL NOTE | |
| General note | http://www.amazon.com/Radionavigation-Systems-GNSS-Technology-Applications/dp/1596933542/ref=sr_1_1?ie=UTF8&qid=1410761801&sr=8-1&keywords=1596933542 |
| 504 ## - BIBLIOGRAPHY, ETC. NOTE | |
| Bibliography, etc. note | Includes bibliographical references (p. 377-385) and index. |
| 505 0# - FORMATTED CONTENTS NOTE | |
| Formatted contents note | The Fundamentals of Terrestrial Navigation -- Error Calculations -- Wave Propagation -- Hyperbolic Systems -- Direction Finding -- Aircraft Systems -- Satellite Systems -- Satellite Orbits and geometry -- Satellite Navigation Princples -- Error Calculations -- Transit -- Spread Spectrum : coding of satellite signals -- NAVSTAR/GPS -- GLONASS -- Other satellite navigation systems. |
| 650 #0 - SUBJECT ADDED ENTRY--TOPICAL TERM | |
| Topical term or geographic name entry element | Radio in navigation. |
| General subdivision | EE |
| 906 ## - LOCAL DATA ELEMENT F, LDF (RLIN) | |
| a | 7 |
| b | cbc |
| c | copycat |
| d | 2 |
| e | ncip |
| f | 20 |
| g | y-gencatlg |
| 942 ## - ADDED ENTRY ELEMENTS (KOHA) | |
| Source of classification or shelving scheme | |
| Koha item type | Book |
| Withdrawn status | Lost status | Source of classification or shelving scheme | Damaged status | Not for loan | Permanent Location | Current Location | Shelving location | Date acquired | Source of acquisition | Cost, normal purchase price | Total Checkouts | Full call number | Barcode | Date last seen | Cost, replacement price | Price effective from | Koha item type |
|---|---|---|---|---|---|---|---|---|---|---|---|---|---|---|---|---|---|
| Pakistan Navy Engineering College (PNEC) | Pakistan Navy Engineering College (PNEC) | Reference | 06/29/2009 | Progressive international Agency | 5505.00 | 623.8932 FOR | PNECLIB-029333 | 09/15/2014 | 5505.00 | 06/29/2009 | Book |
